2022 FIFA World Cup First XI - Statistics

General Stats
  • This quiz has been taken 1,991 times
  • The average score is 121 of 352
Answer Stats
Team Player % Correct
Qatar Ró-Ró
91%
Argentina Lionel Messi
90%
England Harry Kane
88%
England Jordan Pickford
84%
France Kylian Mbappé
84%
Mexico Henry Martín
83%
Argentina Emiliano Martínez
82%
Argentina Lautaro Martínez
82%
Portugal Cristiano Ronaldo
81%
Costa Rica Carlos Martínez
80%
France Hugo Lloris
80%
Netherlands Virgil van Dijk
80%
England Harry Maguire
79%
Poland Robert Lewandowski
79%
Wales Gareth Bale
78%
Brazil Neymar
77%
United States Christian Pulisic
76%
England John Stones
76%
France Olivier Giroud
76%
Belgium Kevin De Bruyne
75%
Croatia Luka Modrić
75%
Germany Manuel Neuer
75%
Qatar Almoez Ali
74%
Portugal Bruno Fernandes
74%
Belgium Thibaut Courtois
74%
Brazil Alisson
73%
England Jude Bellingham
73%
South Korea Kim Jin-su
73%
South Korea Kim Min-jae
73%
South Korea Kim Moon-hwan
73%
South Korea Kim Seung-gyu
73%
South Korea Kim Young-gwon
73%
Canada Alphonso Davies
72%
France Antoine Griezmann
72%
Wales Ben Davies
72%
Netherlands Frenkie de Jong
72%
South Korea Na Sang-ho
72%
France Lucas Hernandez
71%
Uruguay Luis Suárez
71%
Argentina Ángel Di María
70%
England Bukayo Saka
70%
Brazil Thiago Silva
70%
Portugal Bernardo Silva
69%
Denmark Christian Eriksen
69%
Spain Gavi
69%
England Luke Shaw
69%
Spain Pedri
69%
South Korea Son Heung-min
69%
England Declan Rice
68%
Argentina Nicolás Otamendi
67%
Brazil Richarlison
66%
Spain Unai Simón
66%
Senegal Boulaye Dia
65%
Belgium Eden Hazard
65%
Senegal Édouard Mendy
65%
Senegal Nampalys Mendy
65%
England Raheem Sterling
65%
Argentina Rodrigo De Paul
64%
Ecuador Enner Valencia
63%
Denmark Kasper Schmeichel
63%
England Kieran Trippier
63%
Germany Thomas Müller
63%
Brazil Vinícius Júnior
63%
Morocco Achraf Hakimi
62%
Netherlands Cody Gakpo
62%
France Benjamin Pavard
61%
Brazil Casemiro
61%
Argentina Cristian Romero
61%
Spain Rodri
61%
Germany Joshua Kimmich
60%
Netherlands Matthijs de Ligt
60%
France Adrien Rabiot
59%
France Aurélien Tchouaméni
59%
Mexico Guillermo Ochoa
59%
Senegal Kalidou Koulibaly
59%
Brazil Marquinhos
59%
Spain Ferran Torres
58%
Costa Rica Keylor Navas
58%
Switzerland Yann Sommer
58%
Netherlands Denzel Dumfries
57%
Portugal Rúben Dias
57%
France Dayot Upamecano
56%
Ecuador Félix Torres
56%
Croatia Ivan Perišić
56%
Spain Jordi Alba
56%
France Ousmane Dembélé
56%
Spain Sergio Busquets
56%
Switzerland Granit Xhaka
55%
Belgium Jan Vertonghen
55%
Germany Jamal Musiala
54%
Germany Antonio Rüdiger
53%
Argentina Nahuel Molina
53%
Argentina Nicolás Tagliafico
53%
Germany Serge Gnabry
53%
Morocco Yassine Bounou
53%
Morocco Hakim Ziyech
52%
Portugal João Cancelo
52%
Germany Kai Havertz
52%
England Mason Mount
52%
Iran Mehdi Taremi
52%
Serbia Sergej Milinković-Savić
52%
Serbia Vanja Milinković-Savić
52%
Portugal Diogo Costa
51%
Uruguay Federico Valverde
51%
Portugal João Félix
51%
Netherlands Nathan Aké
51%
Spain Aymeric Laporte
50%
Portugal Danilo Pereira
50%
Mexico Edson Álvarez
50%
France Ibrahima Konaté
50%
Brazil Lucas Paquetá
50%
Poland Wojciech Szczęsny
50%
Switzerland Xherdan Shaqiri
50%
Wales Aaron Ramsey
49%
Canada Jonathan David
49%
United States Timothy Weah
49%
Serbia Aleksandar Mitrović
48%
Belgium Toby Alderweireld
48%
United States Weston McKennie
48%
Croatia Joško Gvardiol
47%
Poland Piotr Zieliński
47%
Denmark Andreas Christensen
46%
Uruguay Darwin Núñez
46%
Croatia Dominik Livaković
46%
Ghana Iñaki Williams
46%
Croatia Mateo Kovačić
46%
Ecuador Moisés Caicedo
46%
Wales Neco Williams
46%
Germany Niklas Süle
46%
Denmark Rasmus Kristensen
46%
Brazil Danilo
45%
Cameroon André Onana
44%
Netherlands Daley Blind
44%
Germany İlkay Gündoğan
44%
United States Sergiño Dest
44%
Croatia Marcelo Brozović
43%
United States Matt Turner
43%
Brazil Alex Sandro
42%
Croatia Andrej Kramarić
41%
Belgium Axel Witsel
41%
Switzerland Breel Embolo
41%
Wales Daniel James
41%
Spain Dani Olmo
41%
Mexico Hirving Lozano
41%
Uruguay José Giménez
41%
Argentina Leandro Paredes
41%
Switzerland Manuel Akanji
41%
Morocco Sofyan Amrabat
41%
Poland Matty Cash
40%
Denmark Simon Kjær
40%
Uruguay Diego Godín
39%
Switzerland Ricardo Rodriguez
39%
United States Tyler Adams
39%
Belgium Youri Tielemans
39%
Senegal Ismaïla Sarr
38%
Poland Kamil Glik
38%
Portugal Rúben Neves
36%
Morocco Youssef En-Nesyri
36%
Germany David Raum
35%
Spain Marco Asensio
35%
Australia Mathew Ryan
35%
Belgium Michy Batshuayi
35%
Brazil Raphinha
35%
Wales Wayne Hennessey
35%
Qatar Akram Afif
34%
Croatia Dejan Lovren
34%
Germany Nico Schlotterbeck
34%
Ecuador Pervis Estupiñán
34%
Portugal Raphaël Guerreiro
34%
Belgium Yannick Carrasco
34%
Ghana André Ayew
33%
Senegal Idrissa Gueye
33%
United States Antonee Robinson
32%
Argentina Papu Gómez
32%
Denmark Pierre-Emile Højbjerg
32%
Uruguay Rodrigo Bentancur
31%
Saudi Arabia Salem Al-Dawsari
31%
Spain César Azpilicueta
30%
Cameroon Eric Maxim Choupo-Moting
30%
Netherlands Steven Bergwijn
30%
Ghana Thomas Partey
30%
Belgium Timothy Castagne
30%
Netherlands Andries Noppert
29%
South Korea Hwang In-beom
29%
South Korea Hwang Ui-jo
29%
Morocco Noussair Mazraoui
29%
United States Tim Ream
29%
Serbia Dušan Tadić
28%
Denmark Kasper Dolberg
28%
Morocco Romain Saïss
28%
Morocco Nayef Aguerd
27%
United States Walker Zimmerman
27%
Australia Aaron Mooy
25%
Costa Rica Joel Campbell
25%
Ghana Mohammed Kudus
25%
Morocco Sofiane Boufal
25%
Netherlands Steven Berghuis
25%
Croatia Borna Sosa
24%
Denmark Joakim Mæhle
24%
Japan Wataru Endo
24%
Mexico Héctor Herrera
23%
Ecuador Piero Hincapié
23%
United States Yunus Musah
23%
Mexico Jorge Sánchez
22%
Japan Junya Ito
22%
South Korea Lee Jae-sung
22%
Japan Takefusa Kubo
22%
Morocco Azzedine Ounahi
21%
Japan Maya Yoshida
21%
Japan Daichi Kamada
20%
Poland Grzegorz Krychowiak
20%
Canada Atiba Hutchinson
19%
Wales Ethan Ampadu
19%
Serbia Nikola Milenković
19%
Denmark Thomas Delaney
19%
Cameroon André-Frank Zambo Anguissa
18%
Mexico Héctor Moreno
18%
Denmark Joachim Andersen
18%
Croatia Josip Juranović
18%
Belgium Leander Dendoncker
18%
Australia Mathew Leckie
18%
Switzerland Remo Freuler
18%
Wales Harry Wilson
17%
United States Josh Sargent
17%
Switzerland Ruben Vargas
17%
Senegal Abdou Diallo
16%
Australia Craig Goodwin
16%
Japan Daizen Maeda
16%
Poland Jakub Kiwior
16%
Wales Joe Rodon
16%
Canada Tajon Buchanan
16%
Denmark Andreas Skov Olsen
15%
Senegal Cheikhou Kouyaté
15%
Uruguay Facundo Pellistri
15%
Mexico Luis Chávez
15%
Uruguay Sergio Rochet
15%
Serbia Strahinja Pavlović
15%
Wales Connor Roberts
14%
Uruguay Martín Cáceres
14%
Switzerland Nico Elvedi
14%
Portugal Otávio
14%
Netherlands Vincent Janssen
14%
Japan Yuto Nagatomo
14%
Australia Harry Souttar
13%
Australia Jackson Irvine
13%
Cameroon Karl Toko Ekambi
13%
Uruguay Matías Vecino
13%
Canada Milan Borjan
13%
Australia Mitchell Duke
13%
Ghana Mohammedac Salisu
13%
Poland Nicola Zalewski
13%
Mexico Alexis Vega
12%
Cameroon Bryan Mbeumo
12%
Wales Chris Mepham
12%
Tunisia Ellyes Skhiri
12%
Serbia Nemanja Gudelj
12%
Ghana Daniel Amartey
11%
Japan Hiroki Sakai
11%
Uruguay Mathías Olivera
11%
Croatia Nikola Vlašić
11%
Senegal Pape Abou Cissé
11%
Canada Stephen Eustáquio
11%
Senegal Youssouf Sabaly
11%
Ecuador Ángelo Preciado
10%
Switzerland Djibril Sow
10%
Ecuador Gonzalo Plata
10%
Canada Kamal Miller
10%
Senegal Krépin Diatta
10%
Ghana Lawrence Ati-Zigi
10%
Poland Sebastian Szymański
10%
Switzerland Silvan Widmer
10%
Iran Alireza Jahanbakhsh
9%
Canada Alistair Johnston
9%
Mexico César Montes
9%
Saudi Arabia Mohamed Kanno
9%
Serbia Saša Lukić
9%
Ecuador Sebas Méndez
9%
Morocco Selim Amallah
9%
Japan Shūichi Gonda
9%
Qatar Abdelkarim Hassan
8%
Serbia Andrija Živković
8%
Poland Bartosz Bereszyński
8%
Qatar Hassan Al-Haydos
8%
Cameroon Jean-Charles Castelletto
8%
Mexico Jesús Gallardo
8%
Japan Ko Itakura
8%
Ghana Salis Abdul Samed
8%
Iran Alireza Beiranvand
7%
Japan Ao Tanaka
7%
Australia Aziz Behich
7%
Costa Rica Bryan Oviedo
7%
Ecuador Hernán Galíndez
7%
Poland Jakub Kamiński
7%
Costa Rica Keysher Fuller
7%
Saudi Arabia Mohammed Al-Owais
7%
Cameroon Nicolas Nkoulou
7%
Qatar Saad Al-Sheeb
7%
Saudi Arabia Saleh Al-Shehri
7%
Costa Rica Celso Borges
6%
Canada Junior Hoilett
6%
Ecuador Michael Estrada
6%
Serbia Miloš Veljković
6%
Costa Rica Óscar Duarte
6%
Saudi Arabia Yasser Al-Shahrani
6%
Tunisia Aïssa Laïdouni
5%
Ghana Baba Rahman
5%
Cameroon Collins Fai
5%
Tunisia Dylan Bronn
5%
Serbia Filip Mladenović
5%
Qatar Homam Ahmed
5%
Iran Majid Hosseini
5%
Iran Milad Mohammadi
5%
Canada Richie Laryea
5%
Ecuador Romario Ibarra
5%
Canada Steven Vitória
5%
Costa Rica Yeltsin Tejeda
5%
Tunisia Youssef Msakni
5%
Ghana Alexander Djiku
4%
Tunisia Aymen Dahmen
4%
Qatar Boualem Khoukhi
4%
Iran Ehsan Hajsafi
4%
Costa Rica Francisco Calvo
4%
Tunisia Issam Jebali
4%
South Korea Jung Woo-young
4%
Australia Kye Rowles
4%
Tunisia Montassar Talbi
4%
Australia Riley McGree
4%
Iran Rouzbeh Cheshmi
4%
Iran Sadegh Moharrami
4%
Saudi Arabia Salman Al-Faraj
4%
Saudi Arabia Saud Abdulhamid
4%
Qatar Abdulaziz Hatem
3%
Iran Ahmad Nourollahi
3%
Tunisia Ali Abdi
3%
Iran Ali Karimi
3%
Tunisia Anis Ben Slimane
3%
Costa Rica Anthony Contreras
3%
Qatar Bassam Al-Rawi
3%
Saudi Arabia Firas Al-Buraikan
3%
Saudi Arabia Hassan Al-Tambakti
3%
Costa Rica Jewison Bennette
3%
Cameroon Martin Hongla
3%
Tunisia Mohamed Dräger
3%
Iran Morteza Pouraliganji
3%
Australia Nathaniel Atkinson
3%
Cameroon Nouhou Tolo
3%
Tunisia Yassine Meriah
3%
Saudi Arabia Abdulellah Al-Malki
2%
Saudi Arabia Ali Al-Bulaihi
2%
Ghana Alidu Seidu
2%
Qatar Karim Boudiaf
1%
Cameroon Samuel Gouet
1%
No matching quizzes found
Score Distribution
Percent of People with Each Score
Percentile by Number Answered
Your Score History
You have not taken this quiz